Loading...

From Akbar to Aurangzeb

Bibliographic Details
Main Author: Moreland, W H
Format: Printed Book
Published: New Delhi Low Price 1999
LEADER 00414nam a22001457a 4500
003 OSt
005 20200624124706.0
020 |a 81-7536-157-3 
100 |a Moreland, W H 
245 |a From Akbar to Aurangzeb 
260 |a New Delhi  |b Low Price  |c 1999 
300 |a 364p. 
942 |2 ddc  |c BK 
999 |c 340180  |d 340180 
952 |0 0  |1 0  |2 ddc  |4 0  |7 0  |8 WAS  |9 390589  |a POL  |b POL  |c ST1  |d 2011-11-04  |g 0.00  |i 700  |l 0  |p POLW700  |r 2015-03-04  |w 2015-03-04  |y BK